Statistiken für Gemeinden von Mödling

Klicken Sie hier um das Quiz zu spielen!

Allgemein

  • Dieses Quiz wurde 224 mal gespielt
  • Das Durchschnittsergebnis liegt bei 13 aus 20

Antworten auf der Karte

Die Antworten werden auf der Karte rot bzw. grün angezeigt, abhängig davon wie oft sie richtig erraten wurden.
 

Antwortstatistiken

EinwohnerGemeinde% Korrekt
20.564Mödling
97%
11.975Brunn am Gebirge
86%
9.227Guntramsdorf
86%
14.996Perchtoldsdorf
85%
7.329Vösendorf
85%
5.894Breitenfurt bei Wien
75%
8.624Maria Enzersdorf
71%
9.354Wiener Neudorf
71%
2.882Laxenburg
69%
3.952Hinterbrühl
64%
3.337Kaltenleutgeben
63%
3.910Gumpoldskirchen
59%
3.119Biedermannsdorf
51%
1.547Hennersdorf
47%
2.955Münchendorf
47%
1.433Achau
46%
1.648Gaaden
46%
2.880Wienerwald
46%
1.111Laab im Walde
37%
2.378Gießhübl
36%

Verteilung der Resultate

Perzentil nach korrekt beantworteten Fragen

Anzahl Personen mit jedem Resultat

Ihre Resultats-Entwicklung

Sie haben dieses Quiz noch nicht gespielt